English knowhow workbook opener

保存先:
書誌詳細
第一著者: Manin, Gregory J.
フォーマット: 図書
言語:English
出版事項: New York Oxford University Press 2003
主題:
タグ: タグ追加
タグなし, このレコードへの初めてのタグを付けませんか!
Thư viện lưu trữ: Trung tâm Học liệu Lê Vũ Hùng, Trường Đại học Đồng Tháp
LEADER 00736pam a22002418a 4500
001 00027894
005 20171026081022.0
008 111221s2003 ||||||engsd
020 # # |a 9780194536691 
041 0 # |a eng 
082 1 # |a 428  |b ENG300K 
100 1 # |a Manin, Gregory J. 
245 1 0 |a English knowhow  |c Gregory J. Manin  |b workbook opener 
260 # # |a New York  |b Oxford University Press  |c 2003 
300 # # |a 77 p.  |b ill.  |c 28 cm. 
650 |a Sách giáo khoa cho người nước ngoài 
650 |a Tiếng anh 
852 # # |b Kho đọc  |j KD.0012888 
852 # # |j KD.0012888 
910 # # |a Ntuyet  |d 21/12/2011 
980 # # |a Trung tâm Học liệu Lê Vũ Hùng, Trường Đại học Đồng Tháp